00319nam a22000977a 4500082001700000100001800017245011500035260004200150563001500192650001400207 a340.076bNAQ aNaqeebi, W.A. aLAT:bLaw Admission Test Undergraduate Five Year LLB Degree Programme Subjective and Objective /cW.A. Naqeebi aLahore :bHashmi Publications,c2023. aPaperback. aLaw, LAT